书目信息 |
| 题名: |
离散数学
|
|
| 作者: | 李世群 , 马千里 主编 | |
| 分册: | ||
| 出版信息: | 天津 天津大学出版社 2010.08 |
|
| 页数: | 279页 | |
| 开本: | 26cm | |
| 丛书名: | ||
| 单 册: | ||
| 中图分类: | O158 | |
| 科图分类: | ||
| 主题词: | 离散数学--li san shu xue | |
| 电子资源: | ||
| ISBN: | 978-7-5618-3510-4 | |
| 000 | 00849nam0 2200253 450 | |
| 001 | 012011924715 | |
| 005 | 20110506173610.14 | |
| 010 | @a978-7-5618-3510-4@dCNY29.80 | |
| 100 | @a20110506d2010 em y0chiy0120 ea | |
| 101 | 0 | @achi |
| 102 | @aCN@b120000 | |
| 105 | @aak a 000yy | |
| 106 | @ar | |
| 200 | 1 | @a离散数学@Ali san shu xue@f李世群, 马千里主编@Fli shi qun,ma qian li zhu bian |
| 210 | @a天津@c天津大学出版社@d2010.08 | |
| 215 | @a279页@c图@d26cm | |
| 320 | @a有书目 (第279页) | |
| 330 | @a本书是参照国内外多种同类教材,结合多年的教学实践编写而成的。全书共分12章,包括了数理逻辑、集合论、代数系统和图论的基础知识四大部分。 | |
| 606 | 0 | @a离散数学@Ali san shu xue |
| 690 | @aO158@v4 | |
| 701 | 0 | @a李世群@Ali shi qun@4主编 |
| 701 | 0 | @a马千里@Ama qian li@4主编 |
| 801 | 0 | @aCN@bQSSK@c20110506 |
| 905 | @b793383-85@dO158@eL265@f3 | |
| 离散数学/李世群, 马千里主编.-天津:天津大学出版社,2010.08 |
| 279页:图;26cm |
| ISBN 978-7-5618-3510-4:CNY29.80 |
| 本书是参照国内外多种同类教材,结合多年的教学实践编写而成的。全书共分12章,包括了数理逻辑、集合论、代数系统和图论的基础知识四大部分。 |
| ● |
| 相关链接 |
|
|
|
正题名:离散数学
索取号:O158/L265
 
预约/预借
| 序号 | 登录号 | 条形码 | 馆藏地/架位号 | 状态 | 备注 |
| 1 | 793383 | 207933833 | 自科库401/401自科库 42排6列1层/ [索取号:O158/L265] | 在馆 | |
| 2 | 793384 | 207933842 | 自科库401/401自科库 42排6列1层/ [索取号:O158/L265] | 在馆 | |
| 3 | 793385 | 207933851 | 自科库401/401自科库 42排6列1层/ [索取号:O158/L265] | 在馆 |